Lord of the Rings by letter - P - Statistics

General Stats
  • This quiz has been taken 924 times
  • The average score is 5 of 7
Answer Stats
Hint Answer % Correct
Previous answer is often called Pippin
99%
Barliman Butterbur is inn-keeper in this inn The Prancing Pony
88%
Hobbit who is part of the Fellowship Peregrin Took
86%
Seeing-stone, Grima throws one of these out of Orthanc Palantir
85%
A walled region that surrounds Minas Tirith The Pelennor Fields
61%
Aragorn takes this path, that leads to an army of the dead Path of the Dead
45%
Galadriel gifts this to Frodo, is used in Shelob's lair Phial
44%
No matching quizzes found
Score Distribution
Percent of People with Each Score
Percentile by Number Answered
Your Score History
You have not taken this quiz